• 首页
  • 本馆介绍
  • 公告通知
  • 最新文献
  • 馆藏检索
  • 电子资源
  • 读者导购
  • 参考咨询
  • 我的图书馆
  • 登录
  • 详细信息显示
  • 放入我的书架
  • 预约/预借图书
  • 作者相关作品
  • 分类相关作品
  • 丛书相关作品
  • 出版社相关作品

书目信息

  • 表格格式
  • 工作单格式
  • 卡片格式
题名:
当代摄影新锐
    
 
作者: 阮义忠 著
分册:  
出版信息: 北京   中国摄影出版社  1990.03
页数: 253页
开本: 32开
丛书名: 摄影家参考丛书
单 册:
中图分类: J405.1
科图分类:
主题词: 摄影艺术--艺术理论
电子资源:
ISBN: 7-80007-052-2
000 00804nam0 2200241 45
001 0012260877
005 20031219104048.4
010    @a7-80007-052-2@dCNY16.00
100    @a20001226d1990 km y0chiy0120 ea
101 0  @achi
105    @a z 000yy
200 1  @a当代摄影新锐@ADang Dai She Ying Xin Rui@e17位影象新生代@E17 Wei Ying Xiang Xin Sheng Dai@f(台湾)阮义忠著@F(Tai Wan)Ruan Yi Zhong Zhu
210    @a北京@c中国摄影出版社@d1990.03
215    @a253页@c插图@d32开
225    @a摄影家参考丛书@f陈申主编
410    @12001 @a摄影家参考丛书
410    @1700 0@a陈申@AChen Shen@4主编
517    @a17位影象新生代@A17 Wei Ying Xiang Xin Sheng Dai
606 0  @a摄影艺术@x艺术理论
690    @aJ405.1@v1
701  0 @a阮义忠@4著
801    @aCN@bTSTC@c20001226
905    @b294385-389@dJ405.1@e115@f5
    
    当代摄影新锐:17位影象新生代/(台湾)阮义忠著.-北京:中国摄影出版社,1990.03
    253页:插图;32开.-(摄影家参考丛书/陈申主编)
    
    
    ISBN 7-80007-052-2:CNY16.00
    
●
相关链接 在E读中查询图书 在五车中查询图书 在当当中查询图书 在豆瓣中查询图书


正题名:当代摄影新锐     索取号:J405.1/115         预约/预借

序号 登录号 条形码 馆藏地/架位号 状态 备注
1 0294385   002943854   第一借阅区/ [索取号:J405.1/115] 在馆    
2 0294386   002943863   第一借阅区/ [索取号:J405.1/115] 在馆    
3 0294387   002943872   第一借阅区/ [索取号:J405.1/115] 在馆    
4 0294388   002943881   第一借阅区/ [索取号:J405.1/115] 在馆    
5 0294389   002943890   第一样本阅览室/ [索取号:J405.1/115] 在馆    
6 0322869   203228694   第一借阅区/ [索取号:J405.1/115] 在馆    
7 0322870   203228701   第一借阅区/ [索取号:J405.1/115] 在馆    
8 0322871   203228710   第一借阅区/ [索取号:J405.1/115] 在馆    
9 0322872   203228729   第一借阅区/ [索取号:J405.1/115] 在馆    
10 0322873   203228738   第一借阅区/ [索取号:J405.1/115] 在馆    
唐山师范学院图书馆 欢迎您!
大连网信软件有限公司© 版权所有